000 01049nam a2200265 i 4500
001 67197
003 ES-MaACL
005 20250806062537.0
007 t|
008 040511s2004 sp ||||1| spa d
080 _a929 Mesonero Romanos, Ramón de
080 _a94(460.27 M.)"18"
100 0 _aCorral, José del,
_d1916-2011
_940714
245 1 0 _aNoticias del Madrid de Mesonero Romanos /
_cpor José del Corral.
260 _aMadrid :
_bAyuntamiento de Madrid, Concejalía de Gobierno de las Artes :
_bInstituto de Estudios Madrileños,
_c2004.
300 _a39 p. ;
_c21 cm.
490 1 _aCiclo de conferencias: Don Ramón de Mesonero Romanos y su tiempo ;
_v3
500 _aPrecede al tít.: Centro Mesonero Romanos.
600 1 4 _aMesonero Romanos, Ramón de,
_d1803-1882
_980672
651 4 _aMadrid-
_xHistoria-
_yS.XIX.
_98969
710 2 _aInstituto de Estudios Madrileños
_94916
830 1 _aCiclo de conferencias: Don Ramón de Mesonero Romanos y su tiempo ;
_v3
_9183143
852 _aES-MaACL
_j2175-F-6
999 _c67197
_d67197